000
00311nam a2200145Ia 4500
100
_a
Seminar paper
650
_a
General
942
_c
BK
245
_a
Perstroika for India
260
_b
Project for economic education
_a
Bombay
_c
1989
082
_a
338.9
300
_a
120
546
_a
ENGLISH
999
_c
19582
_d
19582